02607nam a2200241Ia 450000500170000000800410001704000440005804100080010208200120011010000320012224202450015424502350039925000420063426002480067630000610092450007210098550504410170650600210214754600210216863000550218965000540224465000670229820181005135931.0130821k16441649fr fr 1 latsd aCo-BoUCMbspacSandra YazodSandra Yazo0 alat04a2212201 aBaeza, Diego de d1582-164700aComentarios alegóricos y morales sobre Cristo prefigurado en el Antiguo Testamento.cR. P. Diego de BaezapTomo tercero: comprende la vida de Abraham y de Josué ;pTomo quinto: incluye la historia de Salomón, Absalón y Caín.yspa10aCommentariorum allegoricorum, & Moralium de Christo figurato in veteri Testamento,cR. P. Didaci de Baeza ...pTomus tertius: complectens vitam Abrahami & Iosue :pTomus quintus: complectens historiam Salomonis, Absalonis & Caini. aEditio novissima [Última edición] aLugduni [Lyon] (Francia)bSumptib. Haer. Gabr. Boissat, & Laurentii Anisson [A expensas de los herederos de Gabriel Boissat y de Lorenzo Anisson] ; Sumptibus Laurentii Anisson, & soc. [A expensas de Lorenzo Anisson y compañía]c1644 - 1649 a[36], 334, [22] ; [30], 379, [28] páginasc35 x 23 cm. aDetalles físicos: Encuadernación flexible en pergamino. Lomo con roturas, tapas con deterioro en bordes, con suciedad y manchas. Guardas desprendidas y rotas. Portada impresa en dos tintas, con un grabado de la marca tipográfica del editor. Dedicatoria. Licencias y permisos. Privilegio real. Índice inicial. Texto impreso en dos columnas, con varios tipos y tamaños de letra. Columnas separadas por una línea vertical. Apostillas marginales. Cenefas y remates. Mayúsculas capitales. Signaturas y reclamos. Cortes decorados. Papel manchado por humedad. Ejemplares en regular estado. V.3 empieza a desencuadernarse. Guarda delantera con anotación manuscrita, visible maculatura. Colección incompleta1 aV.3: Libro 6 – 7: Abraham y Jesús, lejos de sus parientes y de su casa, 13 capítulos ; Josué y Jesús en el río Jordán, 23 capítulos -- Índice de textos para orientar a los predicadores en la preparación los sermones -- V.5: Libro 9 – 11 : Salomón y Jesús que triunfan en Jerusalén, 17 capítulos ; Absalón o Judas que entrega a Cristo, 10 capítulos ; Caín o los que persiguen a Jesús, 4 capítulos. aConsulta en sala aTexto en latín04aBibliapA.T.vComentariosxObras anteriores a 1800 7aHermenéutica bíblicaxObras anteriores a 1800 7aSermones de festividades religiosas vObras anteriores a 1800